000 00283nam a22001217a 4500
008 170522b xxu||||| |||| 00| 0 eng d
041 _aeng
080 _a94(7/8)
100 _a16
101 _aSHH
245 _aHISTORY OF THE UNITED STATES TO 1877
_cWILLIAMS, T.H
942 _2udc
_cBK
999 _c13815
_d13815